000 00428nam a2200181Ia 4500
005 20240823025831.0
008 240823s9999||||xx |||||||||||||| ||und||
041 _aENGLISH
082 _A621.38152 M4
100 _aBPB
245 0 _aVade-Mecum Bel Components
250 _a1st
260 _c1984
_b"BPB,New Delhi"
500 _aTransfered
650 _aElectronic Materials
_bElectronics
942 _cBK
999 _c187261
_d187261